Statistics for Dutch Provincial Capitals

Click here to take the quiz!

General Stats

  • This quiz has been taken 93 times
  • The average score is 9 of 12

Answer Stats

ProvinceCapital% Correct
GroningenGroningen
88%
Zuid-HollandThe Hague
88%
UtrechtUtrecht
88%
LimburgMaastricht
85%
DrentheAssen
76%
FrieslandLeeuwarden
75%
Noord-HollandHaarlem
74%
OverijsselZwolle
72%
GelderlandArnhem
71%
Noord-Brabant's-Hertogenbosch
71%
ZeelandMiddelburg
69%
FlevolandLelystad
68%

Score Distribution

Percentile by Number Answered

Percent of People with Each Score

Your Score History

You have not taken this quiz